Сестры Крустыньсон: [Ветераны партии и рев. движения Э. М., Е. М. и М. М. Крустыньсон]

Podrobná bibliografie
Hlavní autor: Крейер Н. Н. Николай Николаевич
Jazyk:ruština
Vydáno: Рига, Авотс, 1990
Témata:
Médium: MixedMaterials Kniha
KOHA link:https://koha.lib.tpu.ru/cgi-bin/koha/opac-detail.pl?biblionumber=375282

MARC

LEADER 00000nam0a2200000 4500
001 375282
005 20231101051520.0
010 |a 5401004788 
020 |a RU  |b 90-19808 
035 |a (RuTPU)RU\TPU\retro\32721 
035 |a RU\TPU\book\251084 
090 |a 375282 
100 |a 20221220d1990 m y0rusy5003 ca 
101 0 |a rus 
102 |a LV 
105 |a ac z 000zc 
200 1 |a Сестры Крустыньсон  |e [Ветераны партии и рев. движения Э. М., Е. М. и М. М. Крустыньсон]  |f Н. Н. Крейер 
210 |a Рига  |c Авотс  |d 1990 
215 |a 236,[4] с., [8] л. ил. 
610 1 |a коммунистическое движение 
610 1 |a Коммунистическая партия 
610 1 |a Латвия 
610 1 |a история 
610 1 |a 20 век 
610 1 |a персоналии 
610 1 |a политические деятели 
610 1 |a государственные деятели 
686 |a Ф61(4Лат)  |2 rubbk 
700 1 |a Крейер  |b Н. Н.  |g Николай Николаевич  |4 070 
801 0 |a RU  |b RuMRKP  |c 19950417  |g psbo 
801 1 |a RU  |b 63413507  |c 20130119 
801 2 |a RU  |b 63413507  |c 20221220  |g RCR 
942 |c BK